[Event "SVK-ch U16 Girls"]
[Site "Tatralandia"]
[Date "2024.04.11"]
[Round "8"]
[White "Mrmusova, Magdalena"]
[Black "Rexova, Kristina"]
[Result "1-0"]
[WhiteElo "1692"]
[BlackElo "1015"]
[PlyCount "41"]
[EventDate "2024.04.05"]
[EventType "swiss"]
[EventRounds "9"]
[EventCountry "SVK"]
[SourceTitle "CB16_2024"]
[SourceDate "2024.04.17"]
[SourceVersion "1"]
[SourceVersionDate "2024.04.17"]
[SourceQuality "1"]

1. e4 e5 2. Nf3 Nf6 3. Nc3 Nc6 4. d3 Be7 5. h3 h6 6. Be2 d6 7. Be3 Be6 8. d4 exd4 9. Nxd4 d5 10. Nxe6 fxe6 11. exd5 exd5 12. Bh5+ Kf8 13. Nb5 a6 14. Nd4 Qd6 15. 0-0 Qe5 16. Nxc6 bxc6 17. Bg6 Qxb2 18. Bd4 Qb4 19. Qe2 Qxd4 20. Qe6 Ng8 21. Qf7# 1-0

[Event "SVK-ch U16 Girls"]
[Site "Tatralandia"]
[Date "2024.04.06"]
[Round "2"]
[White "Podolinska, Linda"]
[Black "Mrmusova, Magdalena"]
[Result "1-0"]
[WhiteElo "1000"]
[BlackElo "1692"]
[PlyCount "35"]
[EventDate "2024.04.05"]
[EventType "swiss"]
[EventRounds "9"]
[EventCountry "SVK"]
[SourceTitle "CB16_2024"]
[SourceDate "2024.04.17"]
[SourceVersion "1"]
[SourceVersionDate "2024.04.17"]
[SourceQuality "1"]

1. d4 d6 2. Nc3 Nf6 3. Bf4 g6 4. e4 Bg7 5. e5 dxe5 6. dxe5 Nfd7 7. Nf3 b6 8. Qe2 Nc5 9. Qe3 Bb7 10. Bh6 Ne6 11. Bxg7 Nxg7 12. Bc4 e6 13. g4 Qe7 14. Rg1 Ba6 15. a4 Bxc4 16. a5 Qg5 17. Qf4 Bb5 18. Nxb5 1-0

[Event "Bohumin op-B 6th"]
[Site "Bohumin"]
[Date "2023.07.08"]
[Round "8"]
[White "Kraus, Frantisek"]
[Black "Mrmusova, Magdalena"]
[Result "1-0"]
[WhiteElo "1854"]
[BlackElo "1441"]
[PlyCount "63"]
[EventDate "2023.07.01"]
[EventType "swiss"]
[EventRounds "9"]
[EventCountry "CZE"]
[SourceTitle "EXT 2024"]
[Source "ChessBase"]
[SourceDate "2023.10.10"]
[SourceVersion "1"]
[SourceVersionDate "2023.10.10"]
[SourceQuality "1"]

1. e4 d5 2. exd5 Qxd5 3. Nc3 Qd8 4. Nf3 Nf6 5. d4 Bf5 6. Bd3 Bxd3 7. Qxd3 c6 8. 0-0 e6 9. Re1 Be7 10. Bf4 Nbd7 11. Rad1 0-0 12. h3 Re8 13. a3 Rc8 14. Be5 Nf8 15. Ne4 Ng6 16. c4 Nxe4 17. Qxe4 Bd6 18. Bxd6 Qxd6 19. Ne5 Nxe5 20. dxe5 Qe7 21. Rd6 Red8 22. Red1 g6 23. Qd4 Rxd6 24. exd6 Qd7 25. c5 Re8 26. Qe5 h6 27. Rd3 Rf8 28. Qf6 Qd8 29. Qe7 Qc8 30. Rf3 Kg7 31. d7 Qd8 32. Rxf7+ 1-0

[Event "SVK-ch Amateurs"]
[Site "Liptovsky Jan"]
[Date "2023.06.17"]
[Round "5"]
[White "Fenik, Jozef1111"]
[Black "Mrmusova, Magdalena"]
[Result "0-1"]
[WhiteElo "1205"]
[BlackElo "1441"]
[PlyCount "30"]
[EventDate "2023.06.15"]
[EventType "swiss"]
[EventRounds "8"]
[EventCountry "SVK"]
[SourceTitle "CBM 214 Extra"]
[Source "ChessBase"]
[SourceDate "2023.07.31"]
[SourceVersion "1"]
[SourceVersionDate "2023.07.31"]
[SourceQuality "1"]

1. d4 d6 2. Nf3 Nf6 3. Bf4 g6 4. e3 Bg4 5. Be2 Bg7 6. 0-0 0-0 7. h3 Bxf3 8. Bxf3 Nc6 9. Nd2 Re8 10. Re1 Rb8 11. Ne4 Nxe4 12. Bxe4 e5 13. Bg3 exd4 14. exd4 Nxd4 15. Qxd4 Bxd4 0-1

[Event "SVK-ch U16 Girls"]
[Site "Dudince"]
[Date "2023.04.20"]
[Round "6"]
[White "Tomcaniova, Lucia"]
[Black "Mrmusova, Magdalena"]
[Result "1/2-1/2"]
[WhiteElo "1641"]
[BlackElo "1588"]
[PlyCount "37"]
[EventDate "2023.04.16"]
[EventType "swiss"]
[EventRounds "9"]
[EventCountry "SVK"]
[SourceTitle "CBM 213 Extra"]
[Source "ChessBase"]
[SourceDate "2023.05.31"]
[SourceVersion "1"]
[SourceVersionDate "2023.05.31"]
[SourceQuality "1"]

1. e4 g6 2. d4 d6 3. Nc3 Bg7 4. Nf3 Bg4 5. Be2 c6 6. Bf4 Nd7 7. Qd2 Qc7 8. 0-0 a6 9. a4 Ngf6 10. h3 Bxf3 11. Bxf3 0-0 12. a5 Rad8 13. Na4 Rfe8 14. Qb4 e5 15. dxe5 Nxe5 16. Rfd1 Nxf3+ 17. gxf3 Qd7 18. Kg2 Bf8 19. Qb3 1/2-1/2

[Event "SVK-ch U16 Girls"]
[Site "Dudince"]
[Date "2023.04.19"]
[Round "5"]
[White "Mrmusova, Magdalena"]
[Black "Mendelova, Adela"]
[Result "1-0"]
[WhiteElo "1588"]
[BlackElo "1227"]
[PlyCount "41"]
[EventDate "2023.04.16"]
[EventType "swiss"]
[EventRounds "9"]
[EventCountry "SVK"]
[SourceTitle "CBM 213 Extra"]
[Source "ChessBase"]
[SourceDate "2023.05.31"]
[SourceVersion "1"]
[SourceVersionDate "2023.05.31"]
[SourceQuality "1"]

1. e4 c6 2. d4 d5 3. exd5 cxd5 4. Bb5+ Bd7 5. Bxd7+ Qxd7 6. Nf3 Nc6 7. Qe2 e6 8. Nbd2 Nf6 9. c3 Bd6 10. Ne5 Qc7 11. Nef3 0-0 12. Nf1 a6 13. Ng3 b5 14. Bg5 Be7 15. Bxf6 Bxf6 16. 0-0 Rfc8 17. Rfe1 b4 18. Rac1 Qa5 19. Nh5 Be7 20. Ne5 f6 21. Qg4 1-0

[Event "SVK-ch U16 Girls"]
[Site "Dudince"]
[Date "2023.04.17"]
[Round "3"]
[White "Mrmusova, Magdalena"]
[Black "Szotkovska, Natalia"]
[Result "1-0"]
[WhiteElo "1588"]
[BlackElo "1190"]
[PlyCount "105"]
[EventDate "2023.04.16"]
[EventType "swiss"]
[EventRounds "9"]
[EventCountry "SVK"]
[SourceTitle "CBM 213 Extra"]
[Source "ChessBase"]
[SourceDate "2023.05.31"]
[SourceVersion "1"]
[SourceVersionDate "2023.05.31"]
[SourceQuality "1"]

1. e4 e5 2. Nf3 Nc6 3. d4 exd4 4. Bc4 Bc5 5. Ng5 Ne5 6. Nxf7 Nxf7 7. Bxf7+ Kxf7 8. Qh5+ Kf8 9. Qxc5+ d6 10. Qxd4 Qf6 11. Qd1 Be6 12. Nc3 a6 13. Be3 Ne7 14. Qd2 h6 15. 0-0-0 Nc6 16. Nd5 Bxd5 17. Qxd5 Qf7 18. Qxf7+ Kxf7 19. Rhe1 Rhe8 20. Bd4 Nxd4 21. Rxd4 Re5 22. Rc4 c5 23. Rc3 Rae8 24. f3 Rg5 25. Re2 b5 26. Rd3 d5 27. Rdd2 dxe4 28. Rxe4 Rge5 29. Rd7+ Kf8 30. Rxe5 Rxe5 31. Rd6 Re2 32. Rg6 a5 33. Kd1 Rf2 34. Rb6 Rxg2 35. Rxb5 Rxh2 36. Rxc5 h5 37. Ke1 h4 38. Kf1 h3 39. Kg1 Rg2+ 40. Kh1 g5 41. Rxa5 Kf7 42. Rc5 Kf6 43. a4 Rg3 44. Rc3 Kf5 45. a5 Kf4 46. a6 Rg2 47. a7 Kg3 48. a8Q Rh2+ 49. Kg1 Rg2+ 50. Kf1 Rf2+ 51. Ke1 h2 52. f4+ Kxf4 53. Kxf2 1-0

[Event "SVK-chT2C 2223"]
[Site "Slovakia"]
[Date "2023.02.12"]
[Round "9.8"]
[White "Mrmusova, Magdalena"]
[Black "Pivoluska, Jan"]
[Result "1-0"]
[WhiteElo "1515"]
[BlackElo "1726"]
[PlyCount "60"]
[EventDate "2022.10.08"]
[EventType "team-tourn"]
[EventRounds "11"]
[EventCountry "SVK"]
[SourceTitle "EXT 2024"]
[Source "ChessBase"]
[SourceDate "2023.10.10"]
[SourceVersion "1"]
[SourceVersionDate "2023.10.10"]
[SourceQuality "1"]
[WhiteTeam "Cadca Caissa II"]
[BlackTeam "Detva"]
[WhiteTeamCountry "SVK"]
[BlackTeamCountry "SVK"]

1. e4 d6 2. d4 Nf6 3. Nc3 g6 4. h3 Bg7 5. Be3 b6 6. Qd2 Bb7 7. Bd3 Nbd7 8. Nge2 a6 9. 0-0 c5 10. Ng3 e5 11. d5 0-0 12. Bh6 Ne8 13. Nce2 b5 14. c4 b4 15. b3 Qh4 16. Bg5 Bh6 17. Bxh6 Qd8 18. Bxf8 Nxf8 19. f4 Nd7 20. f5 g5 21. f6 h6 22. h4 Ndxf6 23. hxg5 Ng4 24. Nh5 Bc8 25. Neg3 Ra7 26. Be2 hxg5 27. Nf5 f6 28. Bxg4 Rh7 29. Rf3 Qc7 30. Raf1 Qf7 1-0

[Event "SVK-chT U18"]
[Site "Radava"]
[Date "2022.11.24"]
[Round "6.3"]
[White "Tokarcik, Jan"]
[Black "Mrmusova, Magdalena"]
[Result "1-0"]
[WhiteElo "1453"]
[BlackElo "1525"]
[PlyCount "88"]
[EventDate "2022.11.21"]
[EventType "team-swiss"]
[EventRounds "7"]
[EventCountry "SVK"]
[SourceTitle "CBM 211 Extra"]
[Source "ChessBase"]
[SourceDate "2023.01.31"]
[SourceVersion "1"]
[SourceVersionDate "2023.01.31"]
[SourceQuality "1"]
[WhiteTeam "Bardejov"]
[BlackTeam "Kosice Reinter"]
[WhiteTeamCountry "SVK"]
[BlackTeamCountry "SVK"]

1. c4 d6 2. Nc3 g6 3. Nf3 Bg7 4. d4 Nf6 5. g3 a6 6. Bg2 c6 7. 0-0 Bg4 8. Re1 0-0 9. e4 Nbd7 10. e5 dxe5 11. dxe5 Ne8 12. Bf4 Nc7 13. h3 Bxf3 14. Bxf3 Ne6 15. Qd2 Qc7 16. Bg4 Ndc5 17. Rad1 h5 18. Bxe6 Nxe6 19. Qd7 Rac8 20. Qxc7 Rxc7 21. Bc1 Rcc8 22. f4 Bh6 23. Rd7 Rc7 24. Rxc7 Nxc7 25. Rd1 e6 26. Rd7 Rc8 27. Be3 b5 28. Ne4 Bf8 29. Nd6 Bxd6 30. exd6 Ne8 31. c5 a5 32. Ra7 Nf6 33. Rxa5 Kf8 34. Bd4 Nd7 35. Ra7 Ke8 36. Rc7 Kd8 37. Kf2 f5 38. Ra7 Ke8 39. b4 Kd8 40. Kf3 Ke8 41. g4 Rd8 42. gxh5 gxh5 43. Kg3 Rc8 44. Rc7 Ra8 1-0

[Event "SVK-chT U18"]
[Site "Radava"]
[Date "2022.11.23"]
[Round "4.3"]
[White "Kuna, Patrik"]
[Black "Mrmusova, Magdalena"]
[Result "1-0"]
[WhiteElo "1810"]
[BlackElo "1525"]
[PlyCount "59"]
[EventDate "2022.11.21"]
[EventType "team-swiss"]
[EventRounds "7"]
[EventCountry "SVK"]
[SourceTitle "CBM 211 Extra"]
[Source "ChessBase"]
[SourceDate "2023.01.31"]
[SourceVersion "1"]
[SourceVersionDate "2023.01.31"]
[SourceQuality "1"]
[WhiteTeam "Nitra NSK"]
[BlackTeam "Kosice Reinter"]
[WhiteTeamCountry "SVK"]
[BlackTeamCountry "SVK"]

1. e4 d5 2. exd5 Qxd5 3. Nc3 Qa5 4. d4 Nf6 5. Bd2 c6 6. Bc4 Qc7 7. h3 Bf5 8. Nf3 e6 9. 0-0 Bb4 10. Ne2 Bxd2 11. Qxd2 Nbd7 12. Bb3 0-0-0 13. c4 Nc5 14. Qe3 Nce4 15. Bc2 h6 16. Bxe4 Nxe4 17. b4 g5 18. b5 c5 19. Rfd1 Bh7 20. a4 f5 21. a5 g4 22. hxg4 fxg4 23. b6 Qb8 24. Nd2 cxd4 25. Nxd4 Ng5 26. Nxe6 Nxe6 27. Qxe6+ Rd7 28. Ne4 Rhd8 29. Rxd7 Rxd7 30. Rd1 1-0

[Event "SVK-chT U18"]
[Site "Radava"]
[Date "2022.11.21"]
[Round "1.3"]
[White "Sekova, Olivia"]
[Black "Mrmusova, Magdalena"]
[Result "1-0"]
[WhiteElo "1779"]
[BlackElo "1525"]
[PlyCount "51"]
[EventDate "2022.11.21"]
[EventType "team-swiss"]
[EventRounds "7"]
[EventCountry "SVK"]
[SourceTitle "CBM 211 Extra"]
[Source "ChessBase"]
[SourceDate "2023.01.31"]
[SourceVersion "1"]
[SourceVersionDate "2023.01.31"]
[SourceQuality "1"]
[WhiteTeam "Humenne Reinter"]
[BlackTeam "Kosice Reinter"]
[WhiteTeamCountry "SVK"]
[BlackTeamCountry "SVK"]

1. e4 d5 2. exd5 Qxd5 3. Nc3 Qd8 4. d4 Nf6 5. Nf3 Bf5 6. Ne5 e6 7. g4 Bg6 8. h4 h5 9. Nxg6 fxg6 10. Bd3 Nxg4 11. Bxg6+ Kd7 12. Qd3 Kc8 13. Bg5 Be7 14. Bf7 Nd7 15. Ne4 e5 16. d5 Bxg5 17. hxg5 Qe7 18. Rxh5 Rxh5 19. Bxh5 Qb4+ 20. c3 Nxf2 21. Nxf2 Qxb2 22. Rb1 Qxa2 23. Bg4 Qa4 24. Qf5 b6 25. Rb4 Qa1+ 26. Nd1 1-0

[Event "SVK-ch U14 Girls"]
[Site "Stara Lubovna"]
[Date "2022.05.22"]
[Round "2"]
[White "Mrmusova, Magdalena"]
[Black "Tomcaniova, Lucia"]
[Result "0-1"]
[WhiteElo "1344"]
[BlackElo "1194"]
[PlyCount "68"]
[EventDate "2022.05.21"]
[EventType "swiss"]
[EventRounds "9"]
[EventCountry "SVK"]
[SourceTitle "CBM 208 Extra"]
[Source "ChessBase"]
[SourceDate "2022.07.31"]
[SourceVersion "1"]
[SourceVersionDate "2022.07.31"]
[SourceQuality "1"]

1. e4 c6 2. Nc3 d5 3. Nf3 Bg4 4. h3 Bh5 5. exd5 cxd5 6. Bb5+ Nc6 7. g4 Bg6 8. Ne5 Qd6 9. d4 f6 10. Nxg6 hxg6 11. Qf3 e6 12. g5 f5 13. Bf4 Qd7 14. 0-0-0 Bd6 15. Be5 Bxe5 16. dxe5 Nge7 17. h4 0-0-0 18. Na4 b6 19. Qa3 Qc7 20. f4 Kb8 21. Rd3 Na5 22. Rc3 Qb7 23. Ba6 Qxa6 24. Qxe7 Qb7 25. Qxe6 d4 26. Rhh3 dxc3 27. Nxc3 Qd7 28. Qxd7 Rxd7 29. e6 Re7 30. Re3 Rhe8 31. b4 Nc4 32. Rd3 Rxe6 33. Rd7 Re1+ 34. Nd1 Ne3 0-1

[Event "SVK-ch U14 Girls"]
[Site "Stara Lubovna"]
[Date "2022.05.21"]
[Round "1"]
[White "Vojtekova, Tereza"]
[Black "Mrmusova, Magdalena"]
[Result "1/2-1/2"]
[WhiteElo "1006"]
[BlackElo "1344"]
[PlyCount "63"]
[EventDate "2022.05.21"]
[EventType "swiss"]
[EventRounds "9"]
[EventCountry "SVK"]
[SourceTitle "CBM 208 Extra"]
[Source "ChessBase"]
[SourceDate "2022.07.31"]
[SourceVersion "1"]
[SourceVersionDate "2022.07.31"]
[SourceQuality "1"]

1. d4 d6 2. c4 Nf6 3. Nf3 g6 4. Nc3 Bg7 5. Bg5 0-0 6. e3 Bg4 7. Be2 Re8 8. 0-0 a6 9. h3 Bxf3 10. Bxf3 c6 11. Re1 Nbd7 12. e4 e5 13. d5 c5 14. Bg4 Qb6 15. Bxf6 Nxf6 16. b3 Qb4 17. Re3 Rad8 18. a3 Qa5 19. a4 Qb4 20. Bf3 Nd7 21. Rd3 f5 22. a5 b5 23. cxb5 axb5 24. a6 c4 25. bxc4 bxc4 26. Na2 Qa5 27. Rc3 Nc5 28. Rxc4 Qxa6 29. Be2 Qc8 30. f3 fxe4 31. fxe4 Rf8 32. Nc3 1/2-1/2

[Event "SVK-ch U14 Girls rapid"]
[Site "Nitra"]
[Date "2021.09.11"]
[Round "4"]
[White "Mrmusova, Magdalena"]
[Black "Kovarikova, Maria"]
[Result "0-1"]
[WhiteElo "1355"]
[BlackElo "1708"]
[PlyCount "78"]
[EventDate "2021.09.11"]
[EventType "swiss (rapid)"]
[EventRounds "7"]
[EventCountry "SVK"]
[SourceTitle "EXT 2023"]
[Source "ChessBase"]
[SourceDate "2022.10.05"]
[SourceVersion "1"]
[SourceVersionDate "2022.10.05"]
[SourceQuality "1"]

1. e4 c5 2. Nf3 d6 3. d4 cxd4 4. Nxd4 Nf6 5. Nc3 a6 6. Be3 e5 7. Nb3 Be6 8. Bd3 Be7 9. 0-0 0-0 10. h3 Nbd7 11. f3 Rc8 12. Qe2 Nc5 13. Nxc5 dxc5 14. Rad1 Qc7 15. Qf2 b5 16. f4 c4 17. Be2 b4 18. Bb6 Qxb6 19. Qxb6 Bc5+ 20. Qxc5 Rxc5 21. Na4 Ra5 22. Nb6 Rxa2 23. Bxc4 Bxc4 24. Nxc4 Nxe4 25. fxe5 h6 26. Rde1 Ng5 27. Re2 Re8 28. h4 Ne6 29. Nd6 Re7 30. Ref2 Rxb2 31. Rxf7 Rxf7 32. Rxf7 Rxc2 33. Re7 b3 34. Rxe6 b2 35. Re8+ Kh7 36. Rb8 Rc1+ 37. Kh2 b1Q 38. Rxb1 Rxb1 39. e6 Re1 0-1

[Event "SVK-ch U14 Girls rapid"]
[Site "Nitra"]
[Date "2021.09.11"]
[Round "6"]
[White "Tomcaniova, Lucia"]
[Black "Mrmusova, Magdalena"]
[Result "0-1"]
[WhiteElo "1104"]
[BlackElo "1355"]
[PlyCount "76"]
[EventDate "2021.09.11"]
[EventType "swiss (rapid)"]
[EventRounds "7"]
[EventCountry "SVK"]
[SourceTitle "EXT 2023"]
[Source "ChessBase"]
[SourceDate "2022.10.05"]
[SourceVersion "1"]
[SourceVersionDate "2022.10.05"]
[SourceQuality "1"]

1. e4 d6 2. Nf3 Nf6 3. Nc3 g6 4. d4 Bg7 5. Bc4 0-0 6. Be3 Bg4 7. h3 Bxf3 8. Qxf3 Nc6 9. 0-0 e5 10. d5 Nd4 11. Bxd4 exd4 12. Nb5 Nd7 13. c3 Ne5 14. Qe2 dxc3 15. bxc3 Re8 16. f3 a6 17. Nd4 Qh4 18. Rab1 b5 19. Bd3 Bh6 20. Bc2 Nc4 21. Bd3 Nd2 22. Qf2 Qxf2+ 23. Rxf2 Nxb1 24. Bxb1 Be3 25. Kf1 Bxf2 26. Kxf2 Re5 27. Nc6 Rh5 28. f4 Re8 29. Kg3 f5 30. e5 dxe5 31. fxe5 Rf8 32. Kf4 g5+ 33. Kg3 f4+ 34. Kg4 Rh6 35. Kxg5 Kg7 36. Ne7 f3 37. Nf5+ Rxf5+ 38. Kxf5 fxg2 0-1

[Event "SVK-ch U14 Girls"]
[Site "Stara Lubovna"]
[Date "2021.06.30"]
[Round "6"]
[White "Szotkovska, Natalia"]
[Black "Mrmusova, Magdalena"]
[Result "0-1"]
[WhiteElo "1000"]
[BlackElo "1223"]
[PlyCount "104"]
[EventDate "2021.06.26"]
[EventType "swiss"]
[EventRounds "9"]
[EventCountry "SVK"]
[SourceTitle "CBM 203 Extra"]
[Source "ChessBase"]
[SourceDate "2021.09.30"]
[SourceVersion "1"]
[SourceVersionDate "2021.09.30"]
[SourceQuality "1"]

1. e4 d6 2. d4 Nf6 3. Nc3 g6 4. Nf3 Bg4 5. Be2 Bg7 6. 0-0 0-0 7. Bf4 Re8 8. Re1 Nh5 9. Qd2 Nc6 10. h3 Bxf3 11. Bxf3 Nxf4 12. Qxf4 Nxd4 13. Rac1 e5 14. Qe3 Qh4 15. Qd3 c6 16. Ne2 Nxf3+ 17. Qxf3 Re6 18. Qg3 Qxe4 19. Nc3 Qb4 20. b3 Rae8 21. Rcd1 d5 22. Re2 Bh6 23. Rde1 Bf4 24. Qg4 Qxc3 25. Qh4 Qd4 26. g3 Bd2 27. Rd1 Qxh4 28. gxh4 Bb4 29. Kg2 Rf6 30. Rd3 Rf4 31. c3 Bd6 32. c4 d4 33. Kg3 c5 34. f3 Re6 35. Re4 Rxe4 36. fxe4 Rf6 37. a3 Rf4 38. b4 cxb4 39. axb4 Bxb4 40. Rb3 Be1+ 41. Kg2 b6 42. c5 bxc5 43. Ra3 Rxe4 44. Rxa7 c4 45. Rc7 c3 46. Kf3 Re3+ 47. Kg2 d3 48. Kf1 d2 49. Kg2 d1Q 50. h5 Qe2+ 51. Kh1 Rxh3+ 52. Kg1 Qf2# 0-1

[Event "SVK-ch U14 Girls"]
[Site "Stara Lubovna"]
[Date "2021.06.29"]
[Round "5"]
[White "Mrmusova, Magdalena"]
[Black "Kapicakova, Lucia"]
[Result "0-1"]
[WhiteElo "1223"]
[BlackElo "1711"]
[PlyCount "60"]
[EventDate "2021.06.26"]
[EventType "swiss"]
[EventRounds "9"]
[EventCountry "SVK"]
[SourceTitle "CBM 203 Extra"]
[Source "ChessBase"]
[SourceDate "2021.09.30"]
[SourceVersion "1"]
[SourceVersionDate "2021.09.30"]
[SourceQuality "1"]

1. e4 c6 2. Nc3 d5 3. Qf3 dxe4 4. Nxe4 Nf6 5. Bc4 h6 6. Ne2 Nbd7 7. Bb3 Ne5 8. Nxf6+ exf6 9. Qe4 Be7 10. 0-0 0-0 11. d4 Nd7 12. Qg4 Nc5 13. Qg3 Bd6 14. Bf4 Bxf4 15. Qxf4 Nxb3 16. axb3 Re8 17. Rfe1 Be6 18. Rad1 Qd7 19. Qg3 Bf5 20. c3 Bc2 21. Rc1 Qf5 22. b4 Re7 23. h3 Rae8 24. Kf1 Bd3 25. Ra1 Rxe2 26. Rxe2 Rxe2 27. Kg1 Ba6 28. f3 Rxb2 29. Qb8+ Kh7 30. Qxa7 Qc2 0-1

[Event "SVK-ch U12 Girls"]
[Site "Lubovna"]
[Date "2020.08.21"]
[Round "8"]
[White "Mrmusova, Magdalena"]
[Black "Rachelova, Nikola"]
[Result "1-0"]
[WhiteElo "1241"]
[BlackElo "1000"]
[PlyCount "101"]
[EventDate "2020.08.15"]
[EventType "tourn"]
[EventRounds "9"]
[EventCountry "SVK"]
[SourceTitle "EXT 2021"]
[Source "ChessBase"]
[SourceDate "2020.10.23"]
[SourceVersion "1"]
[SourceVersionDate "2020.10.23"]
[SourceQuality "1"]

1. e4 e5 2. Nf3 Nc6 3. d4 exd4 4. Bc4 Bc5 5. c3 dxc3 6. Bxf7+ Kxf7 7. Qd5+ Ke8 8. Qxc5 d6 9. Qxc3 Nf6 10. Nbd2 Bd7 11. Qb3 b6 12. Ng5 Qe7 13. 0-0 h6 14. Ngf3 Be6 15. Qb5 Bd7 16. Nh4 Qe5 17. Qxe5+ Nxe5 18. Nf5 g6 19. Ne3 Bb5 20. Re1 Nd3 21. Rd1 Bc6 22. f3 Kf7 23. Nb3 Nxc1 24. Raxc1 Rad8 25. Rxc6 Rc8 26. Rdc1 Ne8 27. Nd5 Ke6 28. Nf4+ Kd7 29. Nxg6 Rg8 30. Nf4 Rf8 31. g3 a5 32. R6c2 a4 33. Nd4 c5 34. Nf5 Ra8 35. Nxh6 a3 36. b4 cxb4 37. Rb1 Ra4 38. Nd5 Ke6 39. Nxb6 Ra6 40. Rxb4 Rxf3 41. Rf2 Rc3 42. g4 Rc1+ 43. Kg2 Nf6 44. g5 Ne8 45. g6 Rc6 46. Nd5 Ra5 47. Nf5 Ra7 48. Nd4+ Kd7 49. Rf7+ Kd8 50. Rb8+ Rc8 51. Ne6# 1-0

[Event "SVK-ch U12 Girls"]
[Site "Lubovna"]
[Date "2020.08.19"]
[Round "6"]
[White "Mrmusova, Magdalena"]
[Black "Novomeska, Karin"]
[Result "0-1"]
[WhiteElo "1241"]
[BlackElo "1465"]
[PlyCount "146"]
[EventDate "2020.08.15"]
[EventType "tourn"]
[EventRounds "9"]
[EventCountry "SVK"]
[SourceTitle "EXT 2021"]
[Source "ChessBase"]
[SourceDate "2020.10.23"]
[SourceVersion "1"]
[SourceVersionDate "2020.10.23"]
[SourceQuality "1"]

1. e4 d5 2. exd5 Qxd5 3. Nc3 Qa5 4. Bc4 Nf6 5. Nge2 Bf5 6. 0-0 e6 7. Nd4 Qc5 8. Nxf5 Qxf5 9. d4 c6 10. a3 Be7 11. b4 0-0 12. h3 Qh5 13. Be2 Qh4 14. Kh2 Ne4 15. Nxe4 Qxe4 16. c3 e5 17. Bd3 Qd5 18. Qh5 g6 19. Qh6 exd4 20. c4 Qe5+ 21. f4 Qg7 22. Qxg7+ Kxg7 23. Bb2 Bf6 24. g4 Kg8 25. g5 Bg7 26. Rae1 Nd7 27. Re7 Rad8 28. f5 Be5+ 29. Kh1 Rfe8 30. Rxe8+ Rxe8 31. Re1 c5 32. bxc5 Nxc5 33. Bb1 Kf8 34. h4 b6 35. Rf1 d3 36. Bxe5 Rxe5 37. Rd1 Re3 38. fxg6 hxg6 39. Kg2 Ke7 40. Kf2 Rh3 41. Re1+ Kf8 42. Re3 d2 43. Bc2 Rxh4 44. Ke2 Rxc4 45. Kxd2 Rg4 46. Re5 Ne6 47. Bxg6 Rxg5 48. Rxg5 Nxg5 49. Bd3 Ke7 50. Kc3 Ne6 51. Kb4 Nc5 52. Bc4 f5 53. Kb5 Kd6 54. Bf1 f4 55. Kc4 Ke5 56. Kc3 Ke4 57. Kd2 f3 58. Ke1 Kd4 59. Bb5 Kc3 60. Kf2 Kb3 61. Kxf3 Kxa3 62. Ke3 Kb4 63. Be8 Kc3 64. Ke2 a5 65. Kd1 Kb2 66. Kd2 a4 67. Bxa4 Nxa4 68. Kd3 b5 69. Kd2 b4 70. Kd1 b3 71. Kd2 Ka1 72. Kc1 b2+ 73. Kc2 b1Q+ 0-1

[Event "SVK-ch U12 Girls"]
[Site "Lubovna"]
[Date "2020.08.15"]
[Round "1"]
[White "Sekova, Olivia"]
[Black "Mrmusova, Magdalena"]
[Result "1-0"]
[WhiteElo "1312"]
[BlackElo "1241"]
[PlyCount "81"]
[EventDate "2020.08.15"]
[EventType "tourn"]
[EventRounds "9"]
[EventCountry "SVK"]
[SourceTitle "EXT 2021"]
[Source "ChessBase"]
[SourceDate "2020.10.23"]
[SourceVersion "1"]
[SourceVersionDate "2020.10.23"]
[SourceQuality "1"]

1. e4 d6 2. d4 Nf6 3. Nc3 g6 4. Nf3 Bg4 5. Be2 Bg7 6. h3 Bxf3 7. Bxf3 Nc6 8. Be3 0-0 9. Qd2 e5 10. d5 Nd4 11. Qd1 Nd7 12. 0-0 f5 13. Bxd4 exd4 14. Nb5 d3 15. exf5 gxf5 16. cxd3 Bxb2 17. Rb1 Bg7 18. Rc1 Bh6 19. Nxc7 Rc8 20. Ne6 Rxc1 21. Qxc1 Bxc1 22. Nxd8 Rxd8 23. Rxc1 Ne5 24. Rc7 Rb8 25. d4 Nxf3+ 26. gxf3 a6 27. Kg2 a5 28. Rd7 a4 29. Rxd6 a3 30. Rb6 Rd8 31. Rxb7 Rxd5 32. Ra7 Rxd4 33. Rxa3 Rd8 34. Ra7 f4 35. a4 h5 36. a5 h4 37. a6 Rc8 38. Rb7 Kh8 39. a7 Rg8+ 40. Kf1 Ra8 41. Rb8+ 1-0

[Event "EU-ch U12 Girls"]
[Site "Bratislava"]
[Date "2019.08.10"]
[Round "9"]
[White "Young, Anna Ovidia"]
[Black "Mrmusova, Magdalena"]
[Result "1/2-1/2"]
[WhiteElo "1208"]
[BlackElo "1179"]
[PlyCount "73"]
[EventDate "2019.08.02"]
[EventType "swiss"]
[EventRounds "9"]
[EventCountry "SVK"]
[SourceTitle "EXT 2020"]
[Source "ChessBase"]
[SourceDate "2019.10.17"]
[SourceVersion "1"]
[SourceVersionDate "2019.10.17"]
[SourceQuality "1"]

1. e4 d5 2. exd5 Qxd5 3. Nc3 Qa5 4. Nf3 Nf6 5. Bc4 Bf5 6. d3 e6 7. 0-0 Be7 8. Be3 0-0 9. a3 c6 10. Re1 Nbd7 11. Qd2 Rfe8 12. Ne2 Qc7 13. Ng3 Rad8 14. Nxf5 exf5 15. Bf4 Bd6 16. Bxd6 Qxd6 17. h3 Ne5 18. Nxe5 Rxe5 19. Qc3 Rde8 20. Rxe5 Rxe5 21. Re1 Rxe1+ 22. Qxe1 b5 23. Ba2 Qd4 24. Qc3 Qxc3 25. bxc3 Nd5 26. Bxd5 cxd5 27. Kf1 Kf8 28. Ke2 Ke7 29. Ke3 Kd6 30. Kd4 g5 31. g3 h5 32. f3 f6 33. c4 dxc4 34. dxc4 bxc4 35. Kxc4 Ke5 36. Kd3 f4 37. g4 1/2-1/2

[Event "SVK-ch U12 Girls"]
[Site "Liptovsky Mikulas"]
[Date "2019.04.30"]
[Round "9"]
[White "Mrmusova, Magdalena"]
[Black "Bochnickova, Simona"]
[Result "1/2-1/2"]
[WhiteElo "1163"]
[BlackElo "1639"]
[PlyCount "50"]
[EventDate "2019.04.23"]
[EventType "swiss"]
[EventRounds "9"]
[EventCountry "SVK"]
[SourceTitle "CBM 190 Extra"]
[Source "ChessBase"]
[SourceDate "2019.07.15"]
[SourceVersion "1"]
[SourceVersionDate "2019.07.15"]
[SourceQuality "1"]

1. d3 e5 2. Nf3 Nc6 3. g3 d5 4. Bg2 Nf6 5. Bg5 Be7 6. 0-0 h6 7. Bxf6 Bxf6 8. Nc3 0-0 9. e4 dxe4 10. Nxe4 Bg4 11. h3 Bh5 12. Qd2 Nd4 13. Nxd4 exd4 14. b3 c6 15. Qf4 Be7 16. Rae1 f5 17. Qe5 Bb4 18. Rb1 Be8 19. a3 Bxa3 20. Nd2 Qd6 21. Rfe1 Qxe5 22. Rxe5 Bb4 23. Nf3 Bg6 24. Ra1 a6 25. Ra4 Bc3 1/2-1/2